| 000 | 01219nam0a2200325 4500 | ||
|---|---|---|---|
| 001 | RU\NLR\BIBL_A\011096832 | ||
| 005 | 20260406150447.0 | ||
| 010 |
_a978-5-17-085469-1 _93000 |
||
| 021 |
_aRU _b2016-18739 _91209 |
||
| 035 | _a(NILC)RuMoRGB-008240321 | ||
| 035 | _a(NLR Aleph) 011096832 | ||
| 090 |
_a11396714 _c11396714 |
||
| 100 | _a20160405d2016 |||y0rusy50 ca | ||
| 101 | 1 |
_arus _cger |
|
| 102 | _aRU | ||
| 105 | _ay z 000ay | ||
| 200 | 1 |
_aПриют Грез _e[роман] _fЭрих Мария Ремарк _g[пер. с нем. Е. Михелевич _gстихи в пер. В. Летучего, В. Микушевича, Б. Пастернака] |
|
| 210 |
_aМосква _cАСТ _d2016 |
||
| 215 |
_a285 с. _d17 |
||
| 225 | 1 | _aСерия "Зарубежная классика" | |
| 333 | _a16+ | ||
| 675 | _a821.112.2 | ||
| 686 | 1 | _aШ6(4Г)67-440.4{Лх1358.1-50} | |
| 700 | 1 |
_7ca _8rus _aРемарк _bЭ. М. _f1898-1970 _gЭрих Мария _9114991 _3RU\NLR\AUTH\775020 |
|
| 702 | 1 |
_aЛетучий _bВ. М. _f1943- _gВладимир Матвеевич _4730 |
|
| 801 | 0 |
_aRU _bРГБ _c20160311 _gRCR |
|
| 942 | _cBOOK | ||
| 980 | _aNB | ||